Bezpečnosť Slovenska - vybrané aspekty a súvislosti

Pohľad na samostatné Slovensko v kontexte nového chápania bezpečnosti. Vybrané otázky bezpečnostných podmienok a súvislostí osamostatnenia Slovenskej republiky. Fungovanie bezpečnostného systému SR. Vývoj vojenských výdavkov SR v rokoch 1993-2000 podľa výšky ich podielu na HDP.

Saved in:
Bibliographic Details
Main Author: Škvrnda, František
Format: Book Chapter
Language:Slovak
Subjects:
Tags: Add Tag
No Tags, Be the first to tag this record!

MARC

LEADER 00000naa$a2200000$$$4500
001 0236590
005 20240502073827.5
041 0 |a slo 
044 |a SK 
245 1 0 |a Bezpečnosť Slovenska - vybrané aspekty a súvislosti  |c František Škvrnda 
520 |a Pohľad na samostatné Slovensko v kontexte nového chápania bezpečnosti. Vybrané otázky bezpečnostných podmienok a súvislostí osamostatnenia Slovenskej republiky. Fungovanie bezpečnostného systému SR. Vývoj vojenských výdavkov SR v rokoch 1993-2000 podľa výšky ich podielu na HDP. 
610 2 0 |a bezpečnosť 
610 2 0 |a politika bezpečnostná 
610 2 0 |a vojenstvo 
610 2 0 |a organizácie medzinárodné 
610 2 0 |a NATO 
610 2 0 |a financie 
610 2 0 |a Slovensko 
100 1 |a Škvrnda, František